Normal view
MARC view
Entry Personal Name
001 - CONTROL NUMBER
- control field: 70139
003 - CONTROL NUMBER IDENTIFIER
- control field: dpl
005 - DATE AND TIME OF LATEST TRANSACTION
- control field: 20240816160030.0
008 - FIXED-LENGTH DATA ELEMENTS
- fixed length control field: 240816|| aca||aabn | a|a d
040 ## - CATALOGING SOURCE
- Original cataloging agency: dpl
- Transcribing agency: dpl
100 ## - HEADING--PERSONAL NAME
- Personal name: Samy Antony
670 ## - SOURCE DATA FOUND
- Source citation: Work cat.: (dpl)204554: Samy Antony, National SEMINR ON Fine tuning Student's Behaviour Through values/, 2018
